000 00209 a2200109 4500
020 _a9780399242076
041 _aeng
100 _aEric Carle
245 _aVery Hungry arterpillar
942 _cBK
952 _71
999 _c22985
_d22985